El Basilisco : (Record no. 193438)

MARC details
000 -LEADER
campo de control de longitud fija 01348nas a2200409 i 4500
001 - NÚMERO DE CONTROL
campo de control 193438
003 - IDENTIFICADOR DE NÚMERO DE CONTROL
campo de control SpMaBN
005 - FECHA Y HORA DE LA ÚLTIMA TRANSACCIÓN
campo de control 20250804062804.0
006 - CÓDIGOS DE INFORMACIÓN DE LONGITUD FIJA--CARACTERÍSTICAS DEL MATERIAL ADICIONAL
campo de control de longitud fija m g d |
007 - CAMPO FIJO DE DESCRIPCIÓN FÍSICA--INFORMACIÓN GENERAL
campo de control de longitud fija cr*|||||||||||
008 - DATOS DE LONGITUD FIJA--INFORMACIÓN GENERAL
campo de control de longitud fija 231205c19789999sp br pso 0 b0spa
010 ## - NÚMERO DE CONTROL DE LA BIBLIOTECA DEL CONGRESO
Número de control de LC n
Número de control de NUCMC 0
022 0# - NÚMERO INTERNACIONAL NORMALIZADO PARA PUBLICACIONES SERIADAS
Número Internacional Normalizado para Publicaciones Seriadas 2531-2944
Fuente _u
035 ## - NÚMERO DE CONTROL DEL SISTEMA
Número de control de sistema a6067307
040 ## - FUENTE DE CATALOGACIÓN
Centro catalogador/agencia de origen SpMaBN
Lengua de catalogación spa
Centro/agencia transcriptor SpMaBN
Normas de descripción rdc
080 ## - NÚMERO DE LA CLASIFICACIÓN DECIMAL UNIVERSAL
Número de la Clasificación Decimal Universal 1
130 3# - ENTRADA PRINCIPAL--TÍTULO UNIFORME
Título uniforme El Basilisco (Oviedo. Internet)
9 (RLIN) 234630
210 0# - TÍTULO ABREVIADO
Título abreviado Basilisco
Información calificativa Internet
222 #3 - TÍTULO CLAVE
Título clave El Basilisco
Información calificativa Internet
245 13 - MENCIÓN DEL TÍTULO
Título El Basilisco :
Resto del título revista de materialismo filosófico
260 ## - PUBLICACIÓN, DISTRIBUCIÓN, ETC.
Lugar de publicación, distribución, etc. Oviedo :
Nombre del editor, distribuidor, etc. Pentalfa Ediciones,
Fecha de publicación, distribución, etc. 1978-
260 3# - PUBLICACIÓN, DISTRIBUCIÓN, ETC.
Lugar de publicación, distribución, etc. Oviedo :
Nombre del editor, distribuidor, etc. Fundación Gustavo Bueno,
Fecha de publicación, distribución, etc. 1998-
310 ## - PERIODICIDAD ACTUAL
Periodicidad actual Bimestral
336 ## - TIPO DE CONTENIDO
Término de tipo de contenido Texto (visual)
Fuente isbdcontent
337 ## - TIPO DE MEDIO
Nombre/término del tipo de medio electrónico
Fuente isbdmedia
362 0# - FECHAS DE PUBLICACIÓN Y/O DESIGNACIÓN SECUENCIAL
Fecha de publicación y/o designación secuencial N. 1 (marzo-abr. 1978)-
530 ## - NOTA DISPONIBLE DE FORMULARIO FÍSICO ADICIONAL
Nota de formato físico adicional disponible Disponible edición impresa
650 #7 - PUNTO DE ACCESO ADICIONAL DE MATERIA--TÉRMINO DE MATERIA
Término de materia o nombre geográfico como elemento de entrada Filosofía
Fuente del encabezamiento o término embne
9 (RLIN) 12802
655 #0 - TERMINO DE INDIZACIÓN--GENERO/FORMA
Datos o término principal de género/forma Páginas Web
Fuente del término tgfbne
9 (RLIN) 226719
655 #0 - TERMINO DE INDIZACIÓN--GENERO/FORMA
Datos o término principal de género/forma Revistas electrónicas
Fuente del término tgfbne
9 (RLIN) 226718
710 2# - ENTRADA AGREGADA--NOMBRE DE ENTIDAD CORPORATIVA
Nombre de entidad corporativa o nombre de jurisdicción como elemento de entrada Fundación Gustavo Bueno
776 08 - ENTRADA DE FORMULARIO FÍSICO ADICIONAL
Información de relación Versión impresa
Título Basilisco =
Número Internacional Normalizado para Publicaciones Seriadas ISSN 0210-0088
biblionumber 193439
Número de control del registro 193439
856 40 - LOCALIZACIÓN Y ACCESO ELECTRÓNICOS
Identificador Uniforme de Recursos <a href="http://fgbueno.es/edi/bas.htm">http://fgbueno.es/edi/bas.htm</a>
Texto de enlace Acceso electrónico
942 ## - ELEMENTOS DE ENTRADA SECUNDARIOS (KOHA)
Fuente del sistema de clasificación o colocación Clasificación decimal universal
Suprimir en OPAC No
Tipo de ítem Koha Revista electrónica
955 ## - CATALOGADOR - EDICIÓN
Nombre de catalogador CRON CRON

No items available.